[PAROLES] Peace, Haine, Love - Josman - Statistiques

Statistiques générales
  • Ce quiz a été pris 210 fois
  • Le résultat moyen est 262 sur 500
Statistiques - réponses
Paroles % Correct
love,
96%
love
96%
peace,
96%
haine,
94%
de
91%
la
91%
pas
91%
trop
90%
des
87%
je
87%
sens
87%
un
87%
J'ai
85%
j'ai
85%
J'me
84%
à
83%
cicatrices
81%
d'encre,
81%
pleines
81%
seul
80%
en
79%
le
77%
Le
77%
pluie
77%
me
76%
qui
76%
sous
76%
75%
75%
d'septembre
73%
que
73%
encore
72%
soir
71%
soir,
71%
Ce
70%
ce
70%
les
69%
Les
69%
une
69%
sais
66%
dans
64%
Dans
64%
mes
62%
mon
61%
Mon
61%
Putain
61%
et
60%
tous
59%
ma
58%
sur
58%
ciel
57%
moi
57%
ailes
55%
l'eau
55%
tristesse
55%
démons,
54%
grande
54%
pleure
54%
tremble
54%
au
52%
p'tites
51%
d'ange
50%
face
50%
flanche,
50%
J'fais
50%
j'fais
50%
tombe
50%
tension
49%
il
48%
plus
48%
system
48%
ville,
48%
qu'j'dormirai
46%
j'attends
45%
J'attends
45%
l'aube,
45%
cerebral
44%
j'replonge
44%
tout
44%
relation
43%
aux
41%
mal,
40%
sentiments
40%
Sentiments
40%
ils
39%
quand
39%
vie
38%
appels,
37%
J'réponds
37%
j'réponds
37%
tombée
36%
"Allô"
35%
business
35%
c'est
35%
flambe
35%
on
34%
j'm'endormirai
33%
l'argent
32%
temps
32%
fait
31%
est
30%
par
30%
vices
30%
s'envolent
29%
té-mon
29%
comme
28%
étranges
28%
tard,
28%
du
27%
mort
27%
vu
27%
j'suis
26%
J'suis
26%
mais
25%
malle
25%
mènent
25%
ont
25%
Rome,
25%
T'façon
25%
t'façon
25%
blanches
24%
chance
24%
chemins
24%
coeur
24%
faune
24%
flore,
24%
monde
24%
ne
24%
rien
24%
s'fait
24%
crié
23%
écarts
23%
ressens
23%
ressens,
23%
contre-sens
22%
petits
22%
arômes,
21%
blues
21%
laisse
21%
longtemps
21%
Loyauté
21%
pour
21%
ring,
21%
avec
20%
devenir
20%
faut
20%
hardcore,
20%
route
20%
vent
20%
atomes
19%
belle
19%
gants
19%
fil,
18%
fil
18%
paire
18%
perdu
18%
Personne
18%
bras
17%
dirait
17%
J'en
17%
j'explore
17%
J'sens
17%
jusqu'à
17%
leur
17%
part,
17%
passe
17%
sang,
17%
viendra
17%
aphone
16%
blesse,
16%
donc
16%
J'la
16%
J'le
16%
progresse
16%
qu'j'ai
16%
saveurs
16%
frères
15%
goût
15%
gré
15%
l'honneur
15%
rentrer
15%
système
15%
vient
15%
peine
14%
saisirai
14%
bats
13%
croqué
13%
d'hematomes
13%
j'peux
13%
l'corps,
13%
oublie
13%
pomme
13%
qu'j'rentrerai
13%
rempli
13%
stresse
13%
avalé
12%
c'que
12%
paume,
12%
emporté
11%
gardé
11%
perdre
11%
voyage
11%
signe,
10%
bonheur
9%
fascine
9%
fermé,
9%
J'aimerais
9%
j'apprends
9%
m'oppresse,
9%
qu'on
9%
ronde
9%
assassine,
8%
répare
8%
sépare,
8%
Cercle
7%
cime
7%
ressaisis
7%
s'égare
7%
erreurs
6%
l'amertume
6%
m'agresse,
6%
maladresses
6%
m'envoie
6%
n'vais
6%
racine,
6%
Will,
6%
hantises
5%
l'adresse
5%
Chercher
4%
fleuri
4%
gangréné
4%
hallucinants
4%
l'air
4%
trucs
4%
souvenirs
3%
agonise,
2%
balbutiements
2%
busy
2%
J'entends
2%
j'noie
2%
J'noie
2%
sanglots,
2%
Terre
2%
tise,
2%
qu'la
1%
Aucun quiz correspondant
Distribution des résultats
% des personnes avec chaque résultat
Percentile par nombre de réponses
Votre historique - résultats
Vous n’avez pas pris ce quiz